000 01163nam a2200277Ia 4500
003 OSt
005 20221005105605.0
006 a|||||r|||| 00| 0
007 ta
008 221004b |||||||| |||| 00| 0 hin d
020 _a9789385925061 (hbk)
_cINR 950.00
024 _a35358
037 _b24, 14/09/2017, Mallika Books
_cTextual
040 _aCRL
_cCRL
_bhin
041 _2hin
_ahin
082 _aO15,6:g, Q6
100 _aमेहता, यशोधरा एस., ले.
_9160336
245 0 _aसंस्कृत, आदिकालीन एवं मध्यकालीन काव्य आधारित साहित्यिक निबंध
246 _aSanskṛuta, ādikālīn evan madhyakālīn kāvya ādhārit sāhityik nibandha
260 _aनई दिल्ली
_bरावत प्रकाशन भारत
_c2016
300 _a248पृ0
_ccm.
650 _a आलोचना
650 _aसंस्कृत साहित्य
942 _hO15,6:g, Q6
_cTEXL
_2cc
999 _c1016276
_d1016276